[Event "TCh-RUS Men 2015"]
[Site "Sochi RUS"]
[Date "2015.05.07"]
[Round "7.1"]
[White "Lysyj, Igor"]
[Black "Makhmutov, Rail"]
[Result "1/2-1/2"]
[WhiteElo "2691"]
[BlackElo "2471"]
[PlyCount "218"]
[EventDate "2015.05.01"]
[SourceDate "2015.02.07"]
[WhiteTeam "Malachite (Sverdlovsk region)"]
[BlackTeam "Rook (Kazan)"]

1. d4 d5 2. c4 e6 3. Nf3 Nf6 4. Nc3 Be7 5. Bf4 O-O 6. a3 c5 7. dxc5 Bxc5 8. e3
Nc6 9. Qc2 Qa5 10. Be2 d4 11. exd4 Nxd4 12. Nxd4 Bxd4 13. Rc1 Bd7 14. O-O Rac8
15. Rfd1 e5 16. Bd2 Qb6 17. Be1 a5 18. b4 axb4 19. axb4 Qc7 20. h3 Ra8 21. c5
b6 22. Bf3 Bc6 23. Bxc6 Qxc6 24. Ne2 Rfd8 25. Nxd4 exd4 26. Qb2 bxc5 27. Rxc5
Qe6 28. Ra5 Rab8 29. Raa1 d3 30. Bd2 h6 31. Re1 Qb6 32. Rad1 Rd5 33. Re3 Rbd8
34. Bc3 Qa6 35. Qb3 Nh7 36. Rg3 Rg5 37. b5 Qg6 38. Be5 Qe4 39. Bc7 Rxg3 40.
Bxg3 Rd4 41. b6 Rb4 42. Qxd3 Qxd3 43. Rxd3 Rb1+ 44. Kh2 Kf8 45. Bd6+ Ke8 46.
Bc5 Nf6 47. Re3+ Kd8 48. Ra3 Ne4 49. Be3 Kd7 50. Ra7+ Ke6 51. Rc7 h5 52. f3 Nd6
53. Bc5 Nc4 54. Bf2 Nd6 55. h4 Rb3 56. Rc2 g6 57. Rc7 Rb5 58. Rc2 Rb3 59. Kh3
Kd5 60. Rc7 Ke6 61. Bc5 Nc4 62. Re7+ Kd5 63. Bf2 Rb2 64. Bg1 Rb1 65. Kh2 Nd6
66. Rd7 Ke6 67. Rd8 Ke7 68. Rb8 Kd7 69. Be3 Nc4 70. Bf2 Rb3 71. Rb7+ Ke6 72.
Bc5 Rb1 73. Kg3 Rb2 74. Rb8 Kd7 75. Bd4 Rb3 76. Kf4 Nd6 77. Kg5 Ke6 78. Bg1 Rb1
79. Bh2 Rb5+ 80. Kh6 Nf5+ 81. Kh7 Nxh4 82. Kg7 Nxg2 83. Bc7 Nh4 84. Re8+ Kd7
85. Rd8+ Kc6 86. f4 Ng2 87. Rd2 Nxf4 88. Bxf4 Kxb6 89. Be3+ Kc6 90. Kxf7 g5 91.
Kg6 g4 92. Bg5 g3 93. Kxh5 Rd5 94. Rg2 Rd3 95. Bf4 Kd5 96. Kg4 Rb3 97. Rd2+ Kc4
98. Bxg3 Rd3 99. Rh2 Kd4 100. Bf4 Rb3 101. Rh8 Rb5 102. Rd8+ Rd5 103. Re8 Rb5
104. Kf3 Rb3+ 105. Be3+ Kd5 106. Rh8 Rb5 107. Rd8+ Ke5 108. Bd4+ Kf5 109. Rf8+
Ke6 1/2-1/2